000 01487aam a2200481a 44500
008 101130s2010 cat
017 _aB-23943-2010
020 _a9788439383741
041 _acat
041 _beng
041 _bfre
041 _bspa
080 _a630(038)
100 _aFarriol, Ricard
_968941
245 _aTerminologia forestal en els instruments d'ordenació forestal
245 _cFèlix Mascort
245 _cRicard Farriol
260 _aBarcelona
260 _aSanta Perpètua de Mogoda
260 _bCentre de la Propietat Forestal
260 _bGeneralitat de Catalunya. Departament de Medi Ambient i Habitatge
260 _c2010
300 _a179 p.
_bil.
_c21 cm
365 _b8.65
365 _ceuros
500 _aBibliografia
520 _aaprox. 380
546 _acatalà
591 _a6340
592 _aObra terminològica
593 _aFI
594 _a6340
650 _aciència forestal
_962162
700 _aMascort, Fèlix
_968942
856 _uhttps://cpf.gencat.cat/web/.content/or_organismes/or04_centre_propietat_forestal/06-Publicacions/publicacions_tecniques/manuals/terminologia_forestal_en_els_instruments_dordenacio_forestal/docs/Terminologia_portada_contra.pdf
901 _c<2010>
902 _a101130
942 _cMO
_n0
_2ddc
999 _c58119
_d58119